Konanie o preskúmaní zániku funkcie hlavného kontrolóra

Článok sa zaoberá konaním o preskúmaní zániku funkcie hlavného kontrolóra a jeho priebehom, pričom poukazuje tiež na základnú charakteristiku tohto osobitného konania vo veciach územnej samosprávy a na dôvody zániku funkcie hlavného kontrolóra.

Gespeichert in:
Bibliographische Detailangaben
1. Verfasser: Ukropec, Anton
Format: Buchkapitel
Sprache:Slowakisch
Schlagworte:
Tags: Tag hinzufügen
Keine Tags, Fügen Sie das erste Tag hinzu!

MARC

LEADER 00000naa a2200000 4500
001 0303127
005 20240722081025.5
041 0 |a slo 
044 |a SK 
245 1 0 |a Konanie o preskúmaní zániku funkcie hlavného kontrolóra  |c Anton Ukropec 
520 |a Článok sa zaoberá konaním o preskúmaní zániku funkcie hlavného kontrolóra a jeho priebehom, pričom poukazuje tiež na základnú charakteristiku tohto osobitného konania vo veciach územnej samosprávy a na dôvody zániku funkcie hlavného kontrolóra. 
610 2 0 |a kontrola 
610 2 0 |a kontrolóri 
610 2 0 |a samospráva 
610 2 0 |a skončenie pomeru pracovného 
100 1 |a Ukropec, Anton